[Event "COL-ch sf"]
[Site "Medellin"]
[Date "2018.03.17"]
[Round "7"]
[White "Pena, Dario"]
[Black "Velasco, Luz Mariela"]
[Result "1-0"]
[WhiteElo "2022"]
[BlackElo "1686"]
[PlyCount "41"]
[EventDate "2018.03.14"]
[EventType "swiss"]
[EventRounds "10"]
[EventCountry "COL"]
[SourceTitle "CBM 183 Extra"]
[Source "ChessBase"]
[SourceDate "2018.04.19"]
[SourceVersion "1"]
[SourceVersionDate "2018.04.19"]
[SourceQuality "1"]

1. e4 c5 2. Nf3 e6 3. d4 cxd4 4. Nxd4 a6 5. c4 Nc6 6. Nc3 Nf6 7. Be2 d6 8. Be3 Be7 9. 0-0 Qc7 10. Rc1 Ne5 11. f4 Ned7 12. g4 h6 13. g5 hxg5 14. fxg5 Nh7 15. g6 Nhf6 16. gxf7+ Kxf7 17. Nxe6 Kxe6 18. Qd5+ Nxd5 19. Bg4+ Ke5 20. Rf5+ Ke6 21. exd5# 1-0

[Event "COL-ch sf"]
[Site "Medellin"]
[Date "2018.03.16"]
[Round "4"]
[White "Largo Chaparro, Sofia Alejandra"]
[Black "Pena, Dario"]
[Result "0-1"]
[WhiteElo "1438"]
[BlackElo "2022"]
[PlyCount "60"]
[EventDate "2018.03.14"]
[EventType "swiss"]
[EventRounds "10"]
[EventCountry "COL"]
[SourceTitle "CBM 183 Extra"]
[Source "ChessBase"]
[SourceDate "2018.04.19"]
[SourceVersion "1"]
[SourceVersionDate "2018.04.19"]
[SourceQuality "1"]

1. d4 Nf6 2. Nf3 e6 3. Bf4 d5 4. e3 Bd6 5. Bg3 0-0 6. c3 c5 7. Bd3 Nc6 8. Ne5 Ne4 9. Qh5 f5 10. Bc2 cxd4 11. exd4 Nxe5 12. dxe5 Be7 13. f3 g6 14. Qh3 Nxg3 15. hxg3 Rf7 16. g4 Qb6 17. Bb3 Qe3+ 18. Kd1 Bg5 19. Kc2 Qe2+ 20. Nd2 Qxd2+ 21. Kb1 Bd7 22. a4 b5 23. Qg3 bxa4 24. Bxa4 Bxa4 25. Rxa4 Rb8 26. Ra2 Rfb7 27. b4 Rxb4+ 28. cxb4 Rxb4+ 29. Ka1 Qc3+ 30. Rb2 Qxb2# 0-1

[Event "COL-ch sf"]
[Site "Medellin"]
[Date "2018.03.16"]
[Round "5"]
[White "Pena, Dario"]
[Black "Toro Castaneda, Elizabeth"]
[Result "0-1"]
[WhiteElo "2022"]
[BlackElo "1942"]
[PlyCount "46"]
[EventDate "2018.03.14"]
[EventType "swiss"]
[EventRounds "10"]
[EventCountry "COL"]
[SourceTitle "CBM 183 Extra"]
[Source "ChessBase"]
[SourceDate "2018.04.19"]
[SourceVersion "1"]
[SourceVersionDate "2018.04.19"]
[SourceQuality "1"]

1. e4 c5 2. Nf3 d6 3. d4 cxd4 4. Nxd4 Nf6 5. Nc3 g6 6. Be3 Bg7 7. f3 0-0 8. Qd2 Nc6 9. Bc4 Bd7 10. 0-0-0 Rc8 11. Bb3 Ne5 12. h4 Nc4 13. Bxc4 Rxc4 14. Nde2 Qa5 15. Bh6 Rfc8 16. Bxg7 Kxg7 17. h5 b5 18. hxg6 fxg6 19. Qh6+ Kf7 20. e5 dxe5 21. Qg5 Be6 22. Rh4 b4 23. Rxc4 Bxc4 0-1

[Event "COL-ch Amateur U2300"]
[Site "Bogota"]
[Date "2018.02.15"]
[Round "1"]
[White "Gutierrez, Ramon"]
[Black "Pena, Dario"]
[Result "1-0"]
[WhiteElo "2137"]
[BlackElo "2002"]
[PlyCount "27"]
[EventDate "2018.02.15"]
[EventType "swiss"]
[EventRounds "7"]
[EventCountry "COL"]
[SourceTitle "EXT 2024"]
[Source "ChessBase"]
[SourceDate "2023.10.10"]
[SourceVersion "1"]
[SourceVersionDate "2023.10.10"]
[SourceQuality "1"]

1. e4 c5 2. Nf3 d6 3. g3 a6 4. Bg2 g6 5. 0-0 Bg7 6. d3 e6 7. c3 Ne7 8. Nbd2 0-0 9. Qe2 b5 10. Rd1 b4 11. d4 bxc3 12. bxc3 Qa5 13. Nb3 Qa4 14. Qe1 1-0

[Event "COL-chT"]
[Site "Ibague"]
[Date "2017.07.20"]
[Round "4.4"]
[White "Pena, Dario"]
[Black "Blandon, Luis Guillermo"]
[Result "0-1"]
[WhiteElo "2003"]
[BlackElo "2244"]
[PlyCount "69"]
[EventDate "2017.07.19"]
[EventType "team-swiss"]
[EventRounds "6"]
[EventCountry "COL"]
[SourceTitle "CBM 179 Extra"]
[Source "ChessBase"]
[SourceDate "2017.08.23"]
[SourceVersion "1"]
[SourceVersionDate "2017.08.23"]
[SourceQuality "1"]
[WhiteTeam "Risalarda"]
[BlackTeam "Antioquia"]
[WhiteTeamCountry "COL"]
[BlackTeamCountry "COL"]

1. e4 c5 2. Nf3 d6 3. d4 cxd4 4. Nxd4 Nf6 5. Nc3 g6 6. Be2 Bg7 7. 0-0 0-0 8. Be3 Nc6 9. f4 Qb6 10. Qd3 Qc7 11. a3 Bg4 12. Nf3 Rad8 13. Nb5 Qb8 14. c4 Nd7 15. Nc3 Nc5 16. Qc2 Bxf3 17. Bxf3 Nd4 18. Bxd4 Bxd4+ 19. Kh1 Bg7 20. Rac1 a5 21. g3 Bxc3 22. Qxc3 a4 23. Rfe1 e5 24. f5 f6 25. Bd1 Qa8 26. Kg2 Kg7 27. Rc2 Qa6 28. Be2 Nb3 29. Rf1 Nd4 30. Bd3 Qc6 31. Kg1 g5 32. h3 Qc5 33. Kg2 Ra8 34. Rd2 Ra6 35. Bc2 0-1

[Event "Pamplona IRT rap op"]
[Site "Pamplona"]
[Date "2012.11.10"]
[Round "8"]
[White "De Arco, Luis Carlos"]
[Black "Pena, Dario"]
[Result "1/2-1/2"]
[WhiteElo "2247"]
[BlackElo "1965"]
[PlyCount "118"]
[EventDate "2012.11.09"]
[EventType "swiss"]
[EventRounds "11"]
[EventCountry "COL"]
[SourceTitle "CBM 151 Extra"]
[Source "ChessBase"]
[SourceDate "2012.12.18"]
[SourceVersion "1"]
[SourceVersionDate "2012.12.18"]
[SourceQuality "1"]

1. e4 e6 2. d4 d5 3. Nd2 dxe4 4. Nxe4 Nd7 5. Nf3 Ngf6 6. Ng3 c5 7. dxc5 Bxc5 8. Bd3 0-0 9. 0-0 b6 10. Ne4 Be7 11. Bf4 Nc5 12. Nxc5 Bxc5 13. Qe2 Bb7 14. Rad1 Qe7 15. c3 Rfd8 16. Bg5 h6 17. Bh4 Rac8 18. Ne5 a5 19. Ng4 Kh8 20. Bxf6 gxf6 21. Qd2 Qf8 22. Qxh6+ Qxh6 23. Nxh6 Kg7 24. Ng4 f5 25. Ne5 Kf6 26. Rfe1 Rd5 27. Nf3 Rg8 28. Be2 Rg4 29. Kf1 Rg8 30. a3 a4 31. Bc4 Rxd1 32. Rxd1 Bc6 33. Be2 e5 34. g3 f4 35. gxf4 exf4 36. h4 Rh8 37. Nd4 Be4 38. Bf3 Bg6 39. h5 Bxh5 40. Bxh5 Rxh5 41. Ke2 Rh2 42. Rd2 Rh3 43. Nf3 Rh1 44. Rc2 Rb1 45. Ne1 Kf5 46. Nd3 Be7 47. Rc1 Rxc1 48. Nxc1 Ke4 49. f3+ Kd5 50. Kd3 b5 51. Ne2 Bd6 52. Nd4 Kc5 53. Nf5 Bc7 54. Nh6 f6 55. Ng4 Bd8 56. Nf2 Kd5 57. Ne4 Be7 58. Nd2 Bc5 59. Ne4 Be7 1/2-1/2

[Event "Pamplona IRT rap op"]
[Site "Pamplona"]
[Date "2012.11.10"]
[Round "9"]
[White "Pena, Dario"]
[Black "Tovio, Israel"]
[Result "0-1"]
[WhiteElo "1965"]
[BlackElo "2281"]
[PlyCount "128"]
[EventDate "2012.11.09"]
[EventType "swiss"]
[EventRounds "11"]
[EventCountry "COL"]
[SourceTitle "CBM 151 Extra"]
[Source "ChessBase"]
[SourceDate "2012.12.18"]
[SourceVersion "1"]
[SourceVersionDate "2012.12.18"]
[SourceQuality "1"]

1. e4 c5 2. Nf3 Nf6 3. e5 Nd5 4. Nc3 e6 5. Nxd5 exd5 6. d4 Nc6 7. c3 d6 8. exd6 Bxd6 9. Be2 0-0 10. 0-0 c4 11. b4 Bf5 12. a4 Re8 13. Be3 h6 14. Qd2 Qf6 15. Ne1 Be4 16. f3 Bg6 17. g3 Ne7 18. Ng2 Nf5 19. Bf2 Bc7 20. Rae1 Re7 21. Nf4 Qg5 22. Bd1 Bxf4 23. Qxf4 Qxf4 24. gxf4 Rae8 25. Rxe7 Rxe7 26. Re1 Rxe1+ 27. Bxe1 Nd6 28. Kf2 a6 29. Ke2 b5 30. a5 Kf8 31. Ke3 Ke7 32. Be2 Bd3 33. Bxd3 cxd3 34. Kxd3 Ke6 35. Bd2 Kf5 36. Ke2 Ne8 37. Kf2 Nf6 38. Bc1 Nh5 39. Be3 Nxf4 40. Bd2 Nd3+ 41. Kg3 g5 42. h4 Nb2 43. Bc1 Nc4 44. Kh3 f6 45. Kg3 Kg6 46. Kg4 h5+ 47. Kg3 Kf5 48. Kh3 Nd6 49. Kg3 Kg6 50. Kh3 Nf5 51. hxg5 fxg5 52. Bd2 Nd6 53. Kg3 Kf5 54. Bc1 Kg6 55. Kh3 Kf6 56. Be3 Kf5 57. Kg3 g4 58. fxg4+ hxg4 59. Bh6 Ne4+ 60. Kh4 Nxc3 61. Bd2 Ne2 62. Be3 Ke4 63. Bh6 Kf3 64. Bg7 g3 0-1

[Event "Pamplona Sub zt 2.3"]
[Site "Pamplona"]
[Date "2012.11.05"]
[Round "2"]
[White "Torres, Juan Camilo"]
[Black "Pena, Dario"]
[Result "1-0"]
[WhiteElo "2316"]
[BlackElo "1965"]
[PlyCount "57"]
[EventDate "2012.11.05"]
[EventType "swiss"]
[EventRounds "9"]
[EventCountry "COL"]
[SourceTitle "EXT 2013"]
[Source "ChessBase"]
[SourceDate "2012.11.22"]
[SourceVersion "1"]
[SourceVersionDate "2012.11.22"]
[SourceQuality "1"]

1. d4 d5 2. c4 c6 3. Nc3 Nf6 4. Nf3 dxc4 5. a4 Be6 6. e4 g6 7. Be2 Bg7 8. 0-0 0-0 9. a5 h6 10. Ne5 Nbd7 11. Nxc4 Bxc4 12. Bxc4 e6 13. Be3 b6 14. axb6 axb6 15. f3 Qc7 16. Qd2 Kh7 17. Rfc1 Qb7 18. e5 Nd5 19. Nxd5 exd5 20. Rxa8 Qxa8 21. Bb3 Re8 22. f4 Rd8 23. f5 c5 24. f6 Bf8 25. h4 cxd4 26. Qxd4 Nc5 27. Bc2 Ne6 28. Qg4 Qa5 29. h5 1-0

[Event "COL-ch sf"]
[Site "Santa Rosa"]
[Date "2011.06.25"]
[Round "7"]
[White "Pena, Dario"]
[Black "Munoz, Julian Andres"]
[Result "0-1"]
[WhiteElo "1953"]
[BlackElo "2185"]
[PlyCount "86"]
[EventDate "2011.06.22"]
[EventType "swiss"]
[EventRounds "11"]
[EventCountry "COL"]
[SourceTitle "CBM 143 Extra"]
[Source "ChessBase"]
[SourceDate "2011.08.29"]
[SourceVersion "1"]
[SourceVersionDate "2011.08.29"]
[SourceQuality "1"]

1. e4 c5 2. Nf3 Nc6 3. d4 cxd4 4. Nxd4 Nf6 5. Nc3 e5 6. Ndb5 d6 7. Nd5 Nxd5 8. exd5 Ne7 9. c4 Nf5 10. Bd3 Be7 11. 0-0 0-0 12. f4 a6 13. Nc3 Nd4 14. Be3 f5 15. fxe5 dxe5 16. Bxd4 exd4 17. Ne2 Bg5 18. Nf4 Qd6 19. Qf3 Bd7 20. b4 b6 21. a3 a5 22. b5 Rae8 23. g3 Re3 24. Qd1 Rfe8 25. Ng2 R3e5 26. Ra2 g6 27. h4 Be3+ 28. Kh2 Bc8 29. Qf3 Bh6 30. Re2 Qxa3 31. Rxe5 Rxe5 32. h5 Qe7 33. hxg6 hxg6 34. d6 Qxd6 35. Qa8 Re8 36. Re1 Be3 37. Qd5+ Qxd5 38. cxd5 Kg7 39. Nxe3 Rxe3 40. Rc1 Rxd3 41. Rxc8 Rc3 42. Re8 d3 43. Re3 d2 0-1

[Event "COL-ch sf"]
[Site "Santa Rosa"]
[Date "2011.06.24"]
[Round "5"]
[White "Pena, Dario"]
[Black "Vittorino, Carlo Giovanni"]
[Result "0-1"]
[WhiteElo "1953"]
[BlackElo "2327"]
[PlyCount "46"]
[EventDate "2011.06.22"]
[EventType "swiss"]
[EventRounds "11"]
[EventCountry "COL"]
[SourceTitle "CBM 143 Extra"]
[Source "ChessBase"]
[SourceDate "2011.08.29"]
[SourceVersion "1"]
[SourceVersionDate "2011.08.29"]
[SourceQuality "1"]

1. e4 c5 2. b3 Nc6 3. Bb2 a6 4. a4 d6 5. Bc4 Nf6 6. Nc3 e6 7. Nf3 d5 8. exd5 exd5 9. Be2 d4 10. Nb1 Be7 11. 0-0 0-0 12. h3 Nd5 13. c3 Nf4 14. cxd4 cxd4 15. d3 Bf5 16. Na3 Qd6 17. Bc1 Nxe2+ 18. Qxe2 Qg6 19. Nxd4 Bxh3 20. Qf3 Bxg2 21. Qxg2 Nxd4 22. Qxg6 fxg6 23. Rb1 Ne2+ 0-1

[Event "Choco Region-ch"]
[Site "Quibdo"]
[Date "2011.06.12"]
[Round "5.1"]
[White "Pena, Dario"]
[Black "Trujillo, Fernando"]
[Result "1-0"]
[WhiteElo "1953"]
[BlackElo "1859"]
[PlyCount "63"]
[EventDate "2011.06.10"]
[EventType "swiss"]
[EventRounds "5"]
[EventCountry "COL"]
[SourceTitle "EXT 2024"]
[Source "ChessBase"]
[SourceDate "2023.10.10"]
[SourceVersion "1"]
[SourceVersionDate "2023.10.10"]
[SourceQuality "1"]

1. e4 c5 2. b3 e5 3. Bb2 d6 4. Bc4 Nf6 5. Nc3 Be7 6. Nge2 a6 7. a4 Nc6 8. h3 0-0 9. 0-0 Be6 10. d3 Bxc4 11. dxc4 Nh5 12. Nd5 Bg5 13. g4 Nf6 14. Nxf6+ Bxf6 15. Ng3 g6 16. Qf3 Bg7 17. Rad1 Nd4 18. Qd3 Qf6 19. Kg2 Ne6 20. Ne2 Nf4+ 21. Nxf4 Qxf4 22. Bc1 Qf6 23. Qxd6 Qh4 24. Be3 h5 25. f3 Rfc8 26. Bf2 Qg5 27. h4 Qf4 28. Bg3 Qe3 29. Rd3 Qe2+ 30. Rf2 Qe1 31. Rfd2 Qc1 32. gxh5 1-0

[Event "Medellin op 04"]
[Site "Medellin"]
[Date "2010.04.25"]
[Round "6"]
[White "Pena, Dario"]
[Black "Garces Trujillo, Luis Javier"]
[Result "1/2-1/2"]
[WhiteElo "1936"]
[BlackElo "2104"]
[PlyCount "31"]
[EventDate "2010.04.21"]
[EventType "swiss"]
[EventRounds "9"]
[EventCountry "COL"]
[SourceTitle "CBM 136 Extra"]
[Source "ChessBase"]
[SourceDate "2010.07.02"]
[SourceVersion "2"]
[SourceVersionDate "2010.07.15"]
[SourceQuality "1"]

1. e4 c5 2. Nf3 Nc6 3. d4 cxd4 4. Nxd4 Qc7 5. Nc3 e6 6. Ndb5 Qb8 7. g3 a6 8. Nd4 Bb4 9. Bg2 Qe5 10. Nde2 Nf6 11. 0-0 0-0 12. Bf4 Qh5 13. Bd6 Bxd6 14. Qxd6 Ng4 15. h3 Nge5 16. Nf4 1/2-1/2

[Event "Medellin Easter op"]
[Site "Medellin"]
[Date "2010.04.04"]
[Round "8"]
[White "Tovio, Israel"]
[Black "Pena, Dario"]
[Result "1-0"]
[WhiteElo "2290"]
[BlackElo "1936"]
[PlyCount "47"]
[EventDate "2010.03.31"]
[EventType "swiss"]
[EventRounds "9"]
[EventCountry "COL"]
[SourceTitle "CBM 135 Extra"]
[Source "ChessBase"]
[SourceDate "2010.05.04"]
[SourceVersion "1"]
[SourceVersionDate "2010.05.04"]
[SourceQuality "1"]

1. e4 Nf6 2. e5 Nd5 3. d4 d6 4. Bc4 c6 5. Bb3 Bf5 6. Nf3 e6 7. 0-0 Be7 8. exd6 Bxd6 9. Ne5 0-0 10. Nd2 Nd7 11. Ndc4 Bxe5 12. Nxe5 Nxe5 13. dxe5 Qc7 14. Qe2 a5 15. a3 a4 16. Ba2 b5 17. Bg5 Rab8 18. Rac1 Rfc8 19. c4 bxc4 20. Rxc4 Qb6 21. Bc1 Qb5 22. Re1 h6 23. Qd1 Ra8 24. Qd4 1-0

[Event "Medellin Easter op"]
[Site "Medellin"]
[Date "2010.03.31"]
[Round "1"]
[White "Pena, Dario"]
[Black "Gomez Marin, Fernando Antonio"]
[Result "1-0"]
[WhiteElo "1936"]
[BlackElo "2097"]
[PlyCount "79"]
[EventDate "2010.03.31"]
[EventType "swiss"]
[EventRounds "9"]
[EventCountry "COL"]
[SourceTitle "CBM 135 Extra"]
[Source "ChessBase"]
[SourceDate "2010.05.04"]
[SourceVersion "1"]
[SourceVersionDate "2010.05.04"]
[SourceQuality "1"]

1. e4 e5 2. Nf3 Nc6 3. d4 exd4 4. Bc4 d6 5. c3 Ne5 6. Bb3 Bg4 7. cxd4 Nxf3+ 8. gxf3 Bh5 9. Be3 Nf6 10. Nd2 c6 11. Rg1 Qa5 12. Rg5 Qc7 13. Qc2 g6 14. 0-0-0 0-0-0 15. Rg3 h6 16. Kb1 g5 17. Rc1 d5 18. Qc3 a5 19. a3 Bg6 20. Bc2 Nh5 21. Rgg1 Nf4 22. Rce1 f6 23. Nb3 b6 24. Bxf4 Qxf4 25. Qxc6+ Qc7 26. Qxf6 Bh7 27. Bd3 Bg7 28. Qe6+ Kb7 29. Rc1 Qd6 30. Qg4 a4 31. Na1 Bxd4 32. Nc2 Bxf2 33. Rgf1 Bc5 34. h4 gxh4 35. Qxh4 Qe6 36. exd5 Rxd5 37. Bxh7 Rxh7 38. Qxa4 Qd6 39. Rfe1 Rd2 40. Qe4+ 1-0